| 000 | 00642cab a2200205 4500 | ||
|---|---|---|---|
| 001 | WB2838-12 | ||
| 008 | 090401t1992 xxu||||| |||| 00| 0 eng d | ||
| 035 | _a(Sirsi) u26105 | ||
| 041 | _aeng | ||
| 245 | _aHomes deemed unfit for humans | ||
| 260 | _c1992 | ||
| 350 | _a0 | ||
| 490 |
_aObserver _v27 September 1992, 7(1) |
||
| 520 | _aOne in 20 houses in England and Wales is unfit for humans according to the 1991 House Condition Survey, due for publication early in 1993. | ||
| 650 | _aHOUSE CONDITION SURVEY 1991 | ||
| 650 | _aUNFIT HOUSES | ||
| 690 | _aBUILT ENVIRONMENT-BUILDING PATHOLOGY | ||
| 942 | _n0 | ||
| 948 | _c04/03/1997 | ||
| 999 |
_c17519 _d17519 |
||